000 00994nam a2200193Ii 4500
003 JO-AjNU
008 230605s9999||||xx |||||||||||||| ||und||
040 _aJO-AjNU
_bara
_erda
_cJO-AjNU
041 _aara
050 1 4 _aPJ7577.N37 2004
100 3 _aالكويت، المجلس الوطني للثقافة والفنون والآداب ؛ ندوة مهرجان القرين الثقافي : الرواية العربية ممكنات السرد ,
_eauthor
_950415
245 0 0 _aالرواية العربية .. ممكنات السرد : ندوة مهرجان القرين الثقافي الحادي عشر (الجزء الأول)
264 3 1 _aالكويت:المجلس الوطني للثقافة والفنون والآداب،2004
300 _a294ص
336 _atext
_btxt
_2rdacontent
337 _aunmediated
_bn
_2rdamedia
338 _avolume
_bnc
_2rdacarrier
650 4 _a القصة العربية - تاريخ ونقد - القرن العشرين - مؤتمرات 
_950416
999 _aA22207
_c25775
_d25775